| 000 | 00420nam a22001457a 4500 | ||
|---|---|---|---|
| 008 | 131129b xxu||||| |||| 00| 0 eng d | ||
| 020 | _a719520444 | ||
| 050 | _aSPC DT76.9.T5G56 | ||
| 100 |
_aGladstone, Penelope _94389 |
||
| 245 |
_aTravels of Alexine _bAlexine Tinne 1833-1869 |
||
| 260 |
_aLondon _bJohn Murray _c1969 |
||
| 300 |
_aviii; 242p.; _c22cm |
||
| 600 |
_aTinne, Alexandrine _94509 |
||
| 942 |
_2lcc _cMONOGRAPH |
||
| 999 |
_c118847 _d118847 |
||